| 000 | 00569nam a22001817a 4500 | ||
|---|---|---|---|
| 003 | OSt | ||
| 005 | 20260423014539.0 | ||
| 008 | 260423b |||||||| |||| 00| 0 eng d | ||
| 020 | _a0-07-011884-1 | ||
| 040 |
_aDWC-Admin lib _cOC |
||
| 082 | _aCirc. 301 D194t 1997 | ||
| 100 | _aCarlson, David L. | ||
| 245 |
_a Through the looking glass : _breadings in anthropology / _cDavid L. Carlson |
||
| 260 |
_aNew York : _bThe McGraw-hill companies, inc., _cc1997. |
||
| 300 |
_aix 259 p. ; _c23 cm. |
||
| 700 | _aBrayant, Vaughn M., Jr. | ||
| 942 |
_2ddc _cBK-CIRC _hCirc. _n0 |
||
| 999 |
_c9756 _d9756 |
||